| 000 | 00966cam a2200241 i 4500 | ||
|---|---|---|---|
| 999 |
_c57872 _d57872 |
||
| 001 | 19138007 | ||
| 005 | 20221107113803.0 | ||
| 008 | 160616s2016 nyua b 001 0 eng c | ||
| 010 | _a 2016944807 | ||
| 020 | _a9781493927876 1 | ||
| 041 | _aeng | ||
| 080 | _a616.28-053.2 P-36 | ||
| 245 | 0 | 0 |
_aPediatric cochlear implantation : _blearning and the brain / _cNancy M. Young, Karen Iler Kirk, editors. |
| 264 | 1 |
_aNew York : _bSpringer, _c[2016]. |
|
| 300 |
_a365 pages : _billustrations (some color) ; _c29 cm. |
||
| 653 | _aპედიატრიული კოხლეარული იმპლანტაცია | ||
| 653 | _aპედიატრია | ||
| 653 | _aმედიცინა | ||
| 653 | _aსმენის დაქვეითებული ბავშვები | ||
| 700 | 1 |
_aYoung, Nancy M., _eრედაქრორი _910645 |
|
| 700 | 1 |
_aKirk, Karen Iler, _eრედაქრორი _910646 |
|
| 942 |
_2udc _cBK |
||